000 00553nam a2200157 a 4500
001 000037157
005 20200930080157.0
008 120220s1983 mx 000 0 spa d
040 _aDO-SdBNP
_bspa
_cBNPHU
245 0 3 _aLa estabilidad del hemisferio occidental :
_bel enlace latinoamericano /
_cEditores R. Daniel Mcmichael, John D. Paulus.
260 _aMéxico :
_bNoema Editores,
_c1983.
300 _a208 p. ;
_c22 cm.
500 _aTraducido del idioma inglés
700 1 _aMcmichael, R. Daniel,
_eed.
_963560
700 1 _aPaulus John D.,
_eed.
_963561
999 _c36647
_d36647